<?xml version="1.0" encoding="UTF-8"?>
<record
    xmlns:xsi="http://www.w3.org/2001/XMLSchema-instance"
    xsi:schemaLocation="http://www.loc.gov/MARC21/slim http://www.loc.gov/standards/marcxml/schema/MARC21slim.xsd"
    xmlns="http://www.loc.gov/MARC21/slim">

  <leader>00918nam a22002657a 4500</leader>
  <datafield tag="999" ind1=" " ind2=" ">
    <subfield code="c">7113</subfield>
    <subfield code="d">7113</subfield>
  </datafield>
  <controlfield tag="003">OSt</controlfield>
  <controlfield tag="005">20181218165049.0</controlfield>
  <controlfield tag="008">180123s2017    spca|||  |||| 000 0 cat|d</controlfield>
  <datafield tag="017" ind1=" " ind2=" ">
    <subfield code="a">DL B 18448-2017</subfield>
    <subfield code="b">Biblioteca de Catalunya</subfield>
  </datafield>
  <datafield tag="020" ind1=" " ind2=" ">
    <subfield code="a">9788496645400</subfield>
    <subfield code="q">(v. 1)</subfield>
  </datafield>
  <datafield tag="040" ind1=" " ind2=" ">
    <subfield code="a">ES-BaUAB</subfield>
    <subfield code="b">cat</subfield>
    <subfield code="c">CDMR</subfield>
  </datafield>
  <datafield tag="100" ind1="1" ind2=" ">
    <subfield code="a">Cadena, Josep M.</subfield>
    <subfield code="q">(Josep Maria)</subfield>
    <subfield code="d">1935-</subfield>
    <subfield code="9">2992</subfield>
  </datafield>
  <datafield tag="245" ind1="1" ind2="0">
    <subfield code="a">Feliu Elias Apa /</subfield>
    <subfield code="c">Josep Maria Cadena</subfield>
  </datafield>
  <datafield tag="260" ind1=" " ind2=" ">
    <subfield code="a">Barcelona :</subfield>
    <subfield code="b">&#xC0;mbit Serveis Editorials,</subfield>
    <subfield code="c">2017</subfield>
  </datafield>
  <datafield tag="300" ind1=" " ind2=" ">
    <subfield code="a">v. (437 p&#xE0;gines) :</subfield>
    <subfield code="b">il&#xB7;lustracions ;</subfield>
    <subfield code="c">20 cm</subfield>
  </datafield>
  <datafield tag="490" ind1="0" ind2=" ">
    <subfield code="a">Els Dibuixants del &#xA1;Cu-Cut!</subfield>
  </datafield>
  <datafield tag="505" ind1="8" ind2=" ">
    <subfield code="a">Cont&#xE9;: 1. 1902-1905 -- 2. 1906-1908</subfield>
  </datafield>
  <datafield tag="600" ind1="1" ind2="4">
    <subfield code="a">Elias, Feliu,</subfield>
    <subfield code="d">1878-1948</subfield>
  </datafield>
  <datafield tag="630" ind1="0" ind2="7">
    <subfield code="a">Cu-Cut!</subfield>
    <subfield code="2">lemac</subfield>
  </datafield>
  <datafield tag="650" ind1="0" ind2="7">
    <subfield code="a">Humorisme gr&#xE0;fic</subfield>
    <subfield code="2">lemac</subfield>
    <subfield code="9">3084</subfield>
    <subfield code="z">Catalunya</subfield>
  </datafield>
  <datafield tag="650" ind1="0" ind2="7">
    <subfield code="a">Dibuixants</subfield>
    <subfield code="z">Catalunya</subfield>
    <subfield code="y">S. XX</subfield>
    <subfield code="2">lemac</subfield>
    <subfield code="9">3384</subfield>
  </datafield>
  <datafield tag="650" ind1=" " ind2="7">
    <subfield code="a">Il&#xB7;lustradors</subfield>
    <subfield code="z">Catalunya</subfield>
    <subfield code="y">S. XX</subfield>
    <subfield code="2">lemac</subfield>
  </datafield>
  <datafield tag="700" ind1="1" ind2=" ">
    <subfield code="a">Elias, Feliu,</subfield>
    <subfield code="d">1878-1948,</subfield>
    <subfield code="e">artista</subfield>
  </datafield>
  <datafield tag="942" ind1=" " ind2=" ">
    <subfield code="c">MON</subfield>
    <subfield code="2">udc</subfield>
  </datafield>
  <datafield tag="952" ind1=" " ind2=" ">
    <subfield code="0">0</subfield>
    <subfield code="1">0</subfield>
    <subfield code="4">0</subfield>
    <subfield code="7">0</subfield>
    <subfield code="a">CDMR</subfield>
    <subfield code="b">CDMR</subfield>
    <subfield code="d">2018-01-23</subfield>
    <subfield code="e">Donaci&#xF3;</subfield>
    <subfield code="g">20.00</subfield>
    <subfield code="l">0</subfield>
    <subfield code="o">Du 10.2/25</subfield>
    <subfield code="p">CDMR18010018</subfield>
    <subfield code="r">2018-01-23</subfield>
    <subfield code="t">Vol. 1</subfield>
    <subfield code="v">20.00</subfield>
    <subfield code="w">2018-01-23</subfield>
    <subfield code="y">MON</subfield>
  </datafield>
  <datafield tag="952" ind1=" " ind2=" ">
    <subfield code="0">0</subfield>
    <subfield code="1">0</subfield>
    <subfield code="4">0</subfield>
    <subfield code="7">0</subfield>
    <subfield code="a">CDMR</subfield>
    <subfield code="b">CDMR</subfield>
    <subfield code="d">2018-12-18</subfield>
    <subfield code="e">Donaci&#xF3;</subfield>
    <subfield code="g">20.00</subfield>
    <subfield code="l">0</subfield>
    <subfield code="o">Du 10.2/26</subfield>
    <subfield code="p">CDMR18120027</subfield>
    <subfield code="r">2018-12-18</subfield>
    <subfield code="t">Vol. 2</subfield>
    <subfield code="v">20.00</subfield>
    <subfield code="w">2018-12-18</subfield>
    <subfield code="y">MON</subfield>
  </datafield>
</record>
